000 00773nam a2200289Ia 4500
003 OSt
005 20221006144436.0
006 a|||||r|||| 00| 0
007 ta
008 221006b |||||||| |||| 00| 0 eng d
020 _a0224021273
_c£16.00
020 _a9780224021272
024 _a11,690
037 _cTextual
040 _aEASL
_cEASL
_beng
041 _2eng
_aeng
082 _aV1:191,(zM).N45, M3
100 _aBARNET Richard J.
245 0 _aAllies America Europe Japan since the war
260 _aLondon
_bJonathan Cape
_c1983
300 _a511p.
_ccm.
490 _v Gen
650 _a Gen
650 _aWorld politics
_9432168
942 _hV1:191,(zM).N45, M3
_cTEXL
_2CC
999 _c1079776
_d1079776